Figure out the song - Lizzy McAlpine #3 - Statistics

General Stats
  • This quiz has been taken 100 times
  • The average score is 65 of 106
Answer Stats
Hint % Correct
I
100%
you
92%
you?
92%
a
90%
the
79%
me
76%
me?
76%
to
76%
To
76%
and
73%
am
71%
in
70%
What
70%
be
68%
he
68%
He
68%
I'm
68%
love
68%
are
67%
your
67%
Can
63%
Who
63%
don't
62%
if
60%
like
60%
it's
59%
but
57%
But
57%
of
57%
not
56%
there?
56%
for
54%
that
52%
they
52%
feel
51%
say
51%
care
49%
movie
49%
never
49%
Will
49%
will
49%
would
49%
here
48%
out
48%
star
48%
Being
46%
come
46%
everyone
46%
leading
46%
old
46%
over?
46%
Over
46%
over
46%
sees
46%
about
44%
Even
44%
getting
44%
someone
44%
stop
44%
Wish
44%
chose
43%
Famous
43%
famous
43%
friends
43%
special
43%
impossible
41%
myself?
41%
physically
41%
stand
41%
changing
40%
wanna
40%
change
38%
grow
38%
roll
35%
No matching quizzes found
Score Distribution
Percent of People with Each Score
Percentile by Number Answered
Your Score History
You have not taken this quiz